Obras completas (Record no. 172161)
[ view plain ]
| 000 -LEADER | |
|---|---|
| fixed length control field | 00912nam a22002537a 4500 |
| 005 - DATE AND TIME OF LATEST TRANSACTION | |
| control field | 20250902132555.0 |
| 008 - FIXED-LENGTH DATA ELEMENTS--GENERAL INFORMATION | |
| fixed length control field | 250902b mx ||||| |||| 00| 0 spa d |
| 020 ## - INTERNATIONAL STANDARD BOOK NUMBER | |
| International Standard Book Number | 9688372412 (o. c.) |
| 020 ## - INTERNATIONAL STANDARD BOOK NUMBER | |
| International Standard Book Number | 9683620183 (t.13) |
| 050 04 - LIBRARY OF CONGRESS CALL NUMBER | |
| Classification number | PQ7297.S5 |
| Item number | 1956 |
| 100 1# - MAIN ENTRY--PERSONAL NAME | |
| Personal name | Sierra, Justo. |
| 245 10 - TITLE STATEMENT | |
| Title | Obras completas |
| Statement of responsibility, etc | / Justo Sierra ; edición anotada Arturo Arnáiz y Freg. |
| 250 ## - EDITION STATEMENT | |
| Edition statement | 2a ed. |
| 260 ## - PUBLICATION, DISTRIBUTION, ETC. (IMPRINT) | |
| Place of publication, distribution, etc | México : |
| Name of publisher, distributor, etc | Universidad Nacional Autónoma de México, |
| Date of publication, distribution, etc | 1956. |
| 300 ## - PHYSICAL DESCRIPTION | |
| Extent | v. ; |
| Dimensions | 23 cm. |
| 490 0# - SERIES STATEMENT | |
| Series statement | Nueva Biblioteca Mexicana ; |
| Volume number/sequential designation | 61. |
| 500 ## - GENERAL NOTE | |
| General note | Incluye apéndice e índice. |
| 505 1# - FORMATTED CONTENTS NOTE | |
| Title | T.13 Juárez : su obra y su tiempo. |
| 600 14 - SUBJECT ADDED ENTRY--PERSONAL NAME | |
| Personal name | Sierra, Justo, |
| Dates associated with a name | 1848-1912, |
| Form subdivision | Antología literaria |
| 650 #7 - SUBJECT ADDED ENTRY--TOPICAL TERM | |
| Source of heading or term | lemb |
| Topical term or geographic name as entry element | Literatura mexicana |
| Form subdivision | Antología |
| Chronological subdivision | Siglos XIX-XX |
| 650 #7 - SUBJECT ADDED ENTRY--TOPICAL TERM | |
| Source of heading or term | lemb |
| Topical term or geographic name as entry element | Autores mexicanos |
| Form subdivision | Antologías |
| Chronological subdivision | Siglos XIX-XX |
| 700 1# - ADDED ENTRY--PERSONAL NAME | |
| Personal name | Arnáiz y Freg, Arturo, |
| Relator term | editor |
| 942 ## - ADDED ENTRY ELEMENTS (KOHA) | |
| Source of classification or shelving scheme | Biblioteca del Cogreso de los Estados Unidos |
| Koha item type | Libro |
| Estado de pérdida | Fuente de clasificación | Estado del daño | No para préstamo | Ubicación permanente | Ubicación actual | Apartado o colección | Fecha de adquisición | Edición | Enumeración de Serie / Cronológica | Área del conocimiento | Total Checkouts | Clasificación | Código de Barras | Date last seen | Número de copia | Costo por reposición | Tipo de recurso | Nota pública |
|---|---|---|---|---|---|---|---|---|---|---|---|---|---|---|---|---|---|---|
| Biblioteca del Cogreso de los Estados Unidos | Biblioteca de la Facultad de Arquitectura | Biblioteca de la Facultad de Arquitectura | General | 02/09/2025 | 2a ed. | T:13 | Educación y Humanidades | PQ7297.S5 r1991 | BFA000006136 | 02/09/2025 | 1 | 1.00 | Libro | POSGRADO |